Introductory Economics/ (Record no. 36192)

MARC details
000 -LEADER
fixed length control field 00434nam a22001697a 4500
005 - DATE AND TIME OF LATEST TRANSACTION
control field 20240723125719.0
008 - FIXED-LENGTH DATA ELEMENTS--GENERAL INFORMATION
fixed length control field 240723b |||||||| |||| 00| 0 eng d
082 ## - DEWEY DECIMAL CLASSIFICATION NUMBER
Classification number 330
Item number GRA-I
100 ## - MAIN ENTRY--AUTHOR
Author Name Grant,S.J
245 ## - TITLE STATEMENT
Title Introductory Economics/
Statement of responsibility, etc. SJ Grant
250 ## - EDITION STATEMENT
Edition statement 7th ed.
260 ## - PUBLICATION, DISTRIBUTION, ETC.
Place of Publication USA;
Name of publisher, distributor, etc. Pearson Education;
Date of publication, distribution, etc. 2000
300 ## - PHYSICAL DESCRIPTION
Pages vii, 646 p.:
500 ## - GENERAL NOTE
General note Include index.
650 ## - SUBJECT ADDED ENTRY--TOPICAL TERM
Subject / Department Economics
300 ## - PHYSICAL DESCRIPTION
-- ill;
-- 23.5 cm
952 ## - LOCATION AND ITEM INFORMATION (KOHA)
-- 0
-- 0
952 ## - LOCATION AND ITEM INFORMATION (KOHA)
-- 0
-- 0
952 ## - LOCATION AND ITEM INFORMATION (KOHA)
-- 0
-- 0
952 ## - LOCATION AND ITEM INFORMATION (KOHA)
-- 0
-- 0
Holdings
Lost status Damaged status Collection code Permanent Location Current Location Shelving Location Date acquired Full Call Number Accession No./Barcode Date last seen Copy number item type Koha item type
    Economics/Commerce Superior Information Resource Center (SIRC) Superior University - City Campus Superior Information Resource Center (SIRC) Superior University - City Campus Economics 07/23/2024 330 GRA-I 2000 2516 07/23/2024 1 BOOK BOOK
    Economics/Commerce Superior Information Resource Center (SIRC) Superior University - City Campus Superior Information Resource Center (SIRC) Superior University - City Campus Economics 07/23/2024 330 GRA-I 2000 2517 07/23/2024 2 BOOK BOOK
    Economics/Commerce Superior Information Resource Center (SIRC) Superior University - City Campus Superior Information Resource Center (SIRC) Superior University - City Campus Economics 07/23/2024 330 GRA-I 2000 2519 07/23/2024 3 BOOK BOOK
    Economics/Commerce Superior Information Resource Center (SIRC) Superior University - City Campus Superior Information Resource Center (SIRC) Superior University - City Campus Economics 07/23/2024 330 GRA-I 2000 2520 07/23/2024 4 BOOK BOOK

Powered by Koha